| 000 | 00616nam a2200205 a 4500 | ||
|---|---|---|---|
| 005 | 20210223131029.0 | ||
| 008 | 090626s2007 es r 000 0 spa d | ||
| 020 | _a8498011264 (10 dígitos) | ||
| 020 | _a9788498011265 (13 dígitos) | ||
| 035 | _aUPN01000171497 | ||
| 049 | _aCG | ||
| 050 | 4 |
_aTT509 _bM6.4 |
|
| 100 | 1 | _aMorris, Bethan | |
| 245 | 1 | 0 |
_aIlustración de moda / _cBethan Morris ; tr. Lorena Pozo Rodríguez. |
| 260 |
_aBarcelona, Esp. : _bBlume, _cc2007. |
||
| 300 |
_a208 p. : _bil. col. |
||
| 534 |
_pTitulo original: _tFashion illustrator |
||
| 650 | 4 |
_aDIBUJO DE MODA _915218 |
|
| 905 | _aLibro | ||
| 999 |
_c143602 _d143602 |
||